Marketing management : Analysis, planning, implementation and control
Saved in:
| Main Author: | |
|---|---|
| Format: | Book |
| Language: | Undetermined |
| Published: |
Englewood Cliffs, N J
Prentice-Hall
1967
|
| Subjects: | |
| Tags: |
Add Tag
No Tags, Be the first to tag this record!
|
| Institutions: | Trung tâm Học liệu Trường Đại học Cần Thơ |
|---|
| LEADER | 00564nam a2200205Ia 4500 | ||
|---|---|---|---|
| 001 | CTU_43267 | ||
| 008 | 210402s9999 xx 000 0 und d | ||
| 082 | |a 658.8 | ||
| 082 | |b K87/1967 | ||
| 100 | |a Kotler, Philip | ||
| 245 | 0 | |a Marketing management : | |
| 245 | 0 | |b Analysis, planning, implementation and control | |
| 245 | 0 | |c Philip Kotler | |
| 260 | |a Englewood Cliffs, N J | ||
| 260 | |b Prentice-Hall | ||
| 260 | |c 1967 | ||
| 650 | |a Marketing | ||
| 650 | |x Management | ||
| 904 | |i Minh, H.Mai | ||
| 980 | |a Trung tâm Học liệu Trường Đại học Cần Thơ | ||